Countries with 7 letters - Statistics

General Stats
  • This quiz has been taken 97 times
  • The average score is 33 of 41
Answer Stats
Continent Country % Correct
Europe Albania
95%
Europe Germany
94%
Europe Andorra
92%
Europe Belgium
92%
Europe Estonia
92%
Europe Hungary
92%
Europe Iceland
92%
Europe Denmark
91%
Europe Finland
91%
Europe Ireland
91%
Africa Algeria
89%
Europe Croatia
88%
South America Uruguay
88%
Oceania Vanuatu
88%
Europe Austria
86%
Africa Morocco
86%
North America Jamaica
84%
South America Bolivia
81%
Africa Nigeria
81%
Africa Somalia
81%
Europe Belarus
80%
Africa Namibia
80%
North America Bahamas
78%
Europe Romania
78%
Africa Tunisia
78%
Asia Armenia
77%
South America Ecuador
77%
North America Grenada
75%
Europe Moldova
75%
Asia Vietnam
75%
Africa Eritrea
72%
Asia Lebanon
70%
Africa Senegal
70%
Asia Georgia
69%
Europe Ukraine
69%
Africa Comoros
67%
Africa Lesotho
67%
Africa Liberia
67%
Africa Burundi
66%
Asia Bahrain
64%
Asia Myanmar
63%
No matching quizzes found
Score Distribution
Percent of People with Each Score
Percentile by Number Answered
Your Score History
You have not taken this quiz